| 000 | 00966nmm a2200289 a 4500 | ||
|---|---|---|---|
| 001 | ocm0001917023 | ||
| 003 | TR-IsHL | ||
| 005 | 20201028174850.0 | ||
| 008 | 180923s2012 tu tur | ||
| 007 | cr cn | ||
| 020 | _a9786054194186 | ||
| 035 |
_a1917023 _b(N$T) |
||
| 050 | 0 | 4 |
_aBP166.2 _b.Y35 2012 |
| 090 | 0 | 4 |
_aBP166.2 _b.Y35 2012 |
| 100 | 1 | _aYalçın, Selami | |
| 245 | 1 | 0 |
_a80 soruda Allah hakkında merak ettiklerimiz _h[electronic resource] / _cSelami Yalçın |
| 260 |
_aİstanbul : _bİnkılab Yayınları, _c2012 |
||
| 300 | _a335 p. | ||
| 500 | _aIncludes bibliographical references | ||
| 650 | 4 | _aFelsefe, Psikoloji ve Din | |
| 650 | 4 | _aPhilosophy, Psychology and Religion | |
| 650 | 0 | _aAllah | |
| 650 | 0 | _aGod (Islam) | |
| 650 | 0 |
_aAllah'a iman _x İslâm |
|
| 650 | 7 |
_aRELIGION / Islam / Koran & Sacred Writings _2bisacsh |
|
| 856 | 4 | 0 | _uhttp://search.ebscohost.com/login.aspx?direct=true&scope=site&db=e011xww&AN=1917023 |
| 999 |
_c18381 _d18381 |
||